| 000 | 00450nam a2200193Ia 4500 | ||
|---|---|---|---|
| 003 | OSt | ||
| 005 | 20250602161504.0 | ||
| 008 | 210210b1992 xxu||||| |||| 00| 0 eng d | ||
| 040 | _cAL | ||
| 041 | _aeng | ||
| 082 | _a152.452 SCHB | ||
| 100 |
_aSCHULLER (Robert H). _9212420 |
||
| 245 | _aBe Happy attitudes | ||
| 260 |
_aBombay _bOrient Paperbacks _c1992 |
||
| 300 | _a221 | ||
| 690 |
_aPsychology _9212421 |
||
| 906 | _a046614 | ||
| 942 |
_2ddc _cBK |
||
| 999 |
_c96066 _d96066 |
||